00322nam a2200109Ia 4500008004100000020001800041245006000059250001200119260004500131300001700176500001900193200626s9999 xx 000 0 und d a0-471-23923-2 2aA guide to college programs in hospitality and tourism/ a5th ed. aNew York:bJohn Wiley & Sons, Inc.c1997 av, 470 pages aIncludes Index